DEL REINO A LA REPUBLICA. (Registro nro. 68711)

Detalles MARC
000 -CABECERA
campo de control de longitud fija 00967nam a22002897a 4500
003 - IDENTIFICADOR DEL NÚMERO DE CONTROL
campo de control BPGM
005 - FECHA Y HORA DE LA ÚLTIMA TRANSACCIÓN
campo de control 20260630181038.0
008 - DATOS DE LONGITUD FIJA--INFORMACIÓN GENERAL
campo de control de longitud fija 260630e2001 mx ab||gr||||s001 0 spa d
020 ## - NÚMERO INTERNACIONAL ESTÁNDAR DEL LIBRO
Número Internacional Estándar del Libro 968-6836-10-1
040 ## - FUENTE DE LA CATALOGACIÓN
Centro catalogador/agencia de origen BPGM
Lengua de catalogación spa
041 ## - CÓDIGO DE LENGUA
Código de lengua del texto/banda sonora o título independiente SPA
Código de lengua original SPA
082 04 - NÚMERO DE LA CLASIFICACIÓN DECIMAL DEWEY
Número de clasificación 972.027245
Número de documento/Ítem S92
100 ## - ENTRADA PRINCIPAL--NOMBRE DE PERSONA
Nombre de persona SUAREZ MUÑOZ, MANUEL.
Término indicativo de función/relación AUTOR.
245 ## - MENCIÓN DE TÍTULO
Título DEL REINO A LA REPUBLICA.
Resto del título QUERETARO, 1786-1823.
250 ## - MENCIÓN DE EDICIÓN
Mención de edición PRIMERA EDICION,
Resto de la mención de edición DICIEMBRE DE 2001.
260 ## - PUBLICACIÓN, DISTRIBUCIÓN, ETC.
Lugar de publicación, distribución, etc. QUERÉTARO.
Nombre del editor, distribuidor, etc. GOBIERNO DEL ESTADO DE QUERÉTARO.
Fecha de publicación, distribución, etc. 2001.
300 ## - DESCRIPCIÓN FÍSICA
Extensión 705 páginas,
Dimensiones 30 cm x 24.5 cm.
336 ## - TIPO DE CONTENIDO
Fuente rdacontent
Término de tipo de contenido texto
Código de tipo de contenido txt
337 ## - TIPO DE MEDIO
Fuente rdamedia
Nombre/término del tipo de medio sin mediación
Código del tipo de medio n
338 ## - TIPO DE SOPORTE
Fuente rdacarrier
Nombre/término del tipo de soporte volumen
Código del tipo de soporte nc
490 0# - MENCIÓN DE SERIE
Mención de serie DEL REINO A LA REPUBLICA
Designación de volumen o secuencia V.1
650 ## - PUNTO DE ACCESO ADICIONAL DE MATERIA--TÉRMINO DE MATERIA
Término de materia o nombre geográfico como elemento de entrada MESOAMERICA (AMERICA MEDIA) MEXICO
650 ## - PUNTO DE ACCESO ADICIONAL DE MATERIA--TÉRMINO DE MATERIA
Término de materia o nombre geográfico como elemento de entrada HISTORIA GENERAL DE AMERICA DEL NORTE
650 ## - PUNTO DE ACCESO ADICIONAL DE MATERIA--TÉRMINO DE MATERIA
Término de materia o nombre geográfico como elemento de entrada MEDIOS NOTICIOSOS, PERIODISMO, PUBLICACION
700 ## - PUNTO DE ACCESO ADICIONAL--NOMBRE DE PERSONA
Nombre de persona JIMENEZ GOMEZ, JUAN RICARDO.
Término indicativo de función/relación COAUTOR
942 ## - ELEMENTOS DE PUNTO DE ACCESO ADICIONAL (KOHA)
Fuente del sistema de clasificación o colocación Dewey Decimal Classification
Tipo de ítem Koha Colección Querétaro
Existencias
Estado de retiro Estado de pérdida Fuente del sistema de clasificación o colocación Especificación de materiales (volumen encuadernado u otra parte) Estado dañado No para préstamo Código de colección Localización permanente Ubicación/localización actual Ubicación en estantería Fecha de adquisición Fuente de adquisición Total de préstamos Signatura topográfica completa Fecha visto por última vez Número de copia Precio válido a partir de Tipo de ítem Koha
    Dewey Decimal Classification V.1   Préstamo en Sala Colecciones Especiales (Quéretaro, IQM, Idiomas, SEP, Inea.) BIBLIOTECA PÚBLICA CENTRAL ESTATAL “FRANCISCO CERVANTES” BIBLIOTECA PÚBLICA CENTRAL ESTATAL “FRANCISCO CERVANTES” ACCESO B PLANTA ALTA 06/30/2026 DONACIÓN   CQ / 972.027245 / S92 06/30/2026 EJ.3 06/30/2026 Colección Querétaro
    Dewey Decimal Classification V.2   Préstamo en Sala Colecciones Especiales (Quéretaro, IQM, Idiomas, SEP, Inea.) BIBLIOTECA PÚBLICA CENTRAL ESTATAL “FRANCISCO CERVANTES” BIBLIOTECA PÚBLICA CENTRAL ESTATAL “FRANCISCO CERVANTES” ACCESO B PLANTA ALTA 06/30/2026 DONACIÓN   CQ / 972.027245 / S92 06/30/2026 EJ.2 06/30/2026 Colección Querétaro
    Dewey Decimal Classification V.3   Préstamo en Sala Colecciones Especiales (Quéretaro, IQM, Idiomas, SEP, Inea.) BIBLIOTECA PÚBLICA CENTRAL ESTATAL “FRANCISCO CERVANTES” BIBLIOTECA PÚBLICA CENTRAL ESTATAL “FRANCISCO CERVANTES” ACCESO B PLANTA ALTA 06/30/2026 DONACIÓN   CQ / 972.027245 / S92 06/30/2026 EJ.1 06/30/2026 Colección Querétaro
    Dewey Decimal Classification V.4   Préstamo en Sala Colecciones Especiales (Quéretaro, IQM, Idiomas, SEP, Inea.) BIBLIOTECA PÚBLICA CENTRAL ESTATAL “FRANCISCO CERVANTES” BIBLIOTECA PÚBLICA CENTRAL ESTATAL “FRANCISCO CERVANTES” ACCESO B PLANTA ALTA 06/30/2026 DONACIÓN   CQ / 972.027245 / S92 06/30/2026 EJ.4 06/30/2026 Colección Querétaro